Biggest Cities in the World in 1600 - Statistics

General Stats
  • This quiz has been taken 154 times
  • The average score is 17 of 30
Answer Stats
Country Population Answer % Correct
Ottomans 550,000 Istanbul
99%
Ming 706,000 Beijing
97%
France 220,000 Paris
92%
England 200,000 London
88%
Naples 400,000 Naples
86%
Mughals 190,000 Delhi
78%
Japan 300,000 Kyoto
78%
Venice 139,000 Venice
78%
Papacy 105,000 Rome
77%
Japan 280,000 Osaka
76%
Milan 120,000 Milan
72%
Portugal 110,000 Lisbon
71%
Sicily 105,000 Palermo
62%
Joseon 140,000 Seoul
60%
Spain 121,000 Seville
58%
Ming 194,000 Nanjing
57%
Ottomans 200,000 Cairo
55%
Mughals 500,000 Agra
53%
Ming 180,000 Guangzhou
52%
Ming 138,000 Xi'an
49%
Mughals 350,000 Lahore
40%
Ottomans 160,000 Edirne
34%
Ming 270,000 Hangzhou
34%
Mughals 300,000 Ahmedabad
28%
Mughals 200,000 Dhaka
27%
Safavids 125,000 Esfahan
25%
Ayyuthaya 100,000 Ayyuthaya
23%
Ming 175,000 Suzhou
21%
Toungoo 175,000 Bago
8%
Japan 100,000 Sunpu
1%
No matching quizzes found
Score Distribution
Percent of People with Each Score
Percentile by Number Answered
Your Score History
You have not taken this quiz